[Event "8th Asia-ch"]
[Site "Subic Bay Free Port PHI"]
[Date "2010.04.29"]
[Round "9"]
[White "Kidambi, Sundararajan"]
[Black "Goh Weiming"]
[Result "0-1"]
[WhiteElo "2520"]
[BlackElo "2426"]
[EventDate "2010.04.21"]
[PlyCount "56"]

1.Nf3 Nf6 2.c4 e6 3.g3 d5 4.Bg2 c5 5.cxd5 exd5 6.d4 Nc6 7.O-O Be7 8.Nc3 
O-O 9.Bg5 cxd4 10.Nxd4 h6 11.Be3 Re8 12.Rc1 Bf8 13.Na4 Qa5 14.Nxc6 bxc6 
15.Rxc6 Bd7 16.Bd2 Bb4 17.Rc5 Qxa4 18.Qxa4 Bxa4 19.Bxb4 Rxe2 20.Ra5 Bc6 
21.Bc3 Ne4 22.Bf3 Rc2 23.Bd1 Rc1 24.Bd4 Rc4 25.Be3 d4 26.Bb3 Rb4 27.Bf4 
Rd8 28.Re1 Bb7 0-1

[Event "8th Asia-ch"]
[Site "Subic Bay Free Port PHI"]
[Date "2010.04.29"]
[Round "9"]
[White "Li Hanbin"]
[Black "Toufighi, Homayoon"]
[Result "0-1"]
[WhiteElo "2330"]
[BlackElo "2491"]
[EventDate "2010.04.21"]
[PlyCount "88"]

1.e4 e6 2.d4 d5 3.Nd2 c5 4.exd5 Qxd5 5.Ngf3 cxd4 6.Bc4 Qd6 7.O-O Nf6 8.Nb3
Nc6 9.Re1 Bd7 10.g3 Qc7 11.Qe2 O-O-O 12.Bf4 Bd6 13.Bxd6 Qxd6 14.Rad1 Rhe8 
15.Nbxd4 Nxd4 16.Nxd4 Qb6 17.Qe5 Ng4 18.Qe2 Nf6 19.Qe5 a6 20.h3 Qc7 21.Bf1
Qxe5 22.Rxe5 Bc6 23.Ree1 Be4 24.c3 Rd5 25.Bc4 Rc5 26.Bf1 Rd8 27.Nb3 Rcd5 
28.Rxd5 Bxd5 29.c4 Bc6 30.Bg2 Kc7 31.Re2 Rd1+ 32.Kh2 Nd7 33.Na5 Bxg2 34.
Kxg2 Rc1 35.Rd2 Nf6 36.Rd4 Rc2 37.b4 Rxa2 38.c5 Ra4 39.Rf4 e5 40.Rf5 Rxb4 
41.Rxe5 Rb5 42.Nc4 Nd7 43.Re7 Rxc5 44.Ne3 a5 0-1

[Event "8th Asia-ch"]
[Site "Subic Bay Free Port PHI"]
[Date "2010.04.29"]
[Round "9"]
[White "Padmini, Rout"]
[Black "Gao Rui"]
[Result "0-1"]
[WhiteElo "2319"]
[BlackElo "2464"]
[EventDate "2010.04.21"]
[PlyCount "94"]

1.e4 e5 2.Nf3 Nc6 3.Bb5 a6 4.Ba4 Nf6 5.O-O b5 6.Bb3 Be7 7.Re1 d6 8.c3 O-O 
9.h3 Na5 10.Bc2 c5 11.d4 Qc7 12.d5 Bd7 13.b3 Nb7 14.Nbd2 c4 15.bxc4 bxc4 
16.Ba3 Bb5 17.Qe2 Rac8 18.Nf1 g6 19.Ne3 Nh5 20.g3 Nc5 21.Bxc5 Qxc5 22.a4 
Bd7 23.Kg2 Ng7 24.Reb1 f5 25.Rb7 Rc7 26.Rxc7 Qxc7 27.Qxc4 Qa7 28.exf5 gxf5
29.Rb1 Bf6 30.Qb4 e4 31.Nd4 Qc7 32.Ne2 Rc8 33.Qb6 a5 34.c4 Bg5 35.Nd4 Bxe3
36.fxe3 Qxc4 37.Qxd6 Bxa4 38.Rb2 Qc3 39.Ra2 Qd2+ 40.Kf1 Qc1+ 41.Kg2 Bxc2 
42.Ne6 Qd2+ 43.Kh1 Qe1+ 44.Kh2 Qf2+ 45.Kh1 Nh5 46.Rxc2 Qf1+ 47.Kh2 Rxc2# 
0-1

[Event "8th Asia-ch"]
[Site "Subic Bay Free Port PHI"]
[Date "2010.04.29"]
[Round "9"]
[White "Lumancas, Lyndon"]
[Black "Kuderinov, Kirill"]
[Result "0-1"]
[WhiteElo "2289"]
[BlackElo "2442"]
[EventDate "2010.04.21"]
[PlyCount "77"]

1.e4 c5 2.Nf3 d6 3.d4 cxd4 4.Nxd4 Nf6 5.Nc3 g6 6.f4 Nc6 7.Nxc6 bxc6 8.e5 
dxe5 9.Qxd8+ Kxd8 10.fxe5 Nd5 11.Bd2 Bg7 12.O-O-O Bg4 13.Be2 Bxe2 14.Nxe2 
Kc7 15.e6 fxe6 16.c4 Nb6 17.b3 e5 18.Ng3 a5 19.a4 Nd7 20.Ne4 h5 21.Kc2 Bh6
22.Bc3 Be3 23.Rhf1 Bd4 24.Bxd4 exd4 25.Rxd4 Rhf8 26.Re1 Rf5 27.Re2 Raf8 
28.h3 Re5 29.Rdd2 h4 30.Nf2 Rff5 31.Ng4 Rxe2 32.Rxe2 e5 33.Kc3 Kd6 34.Ne3 
Rf4 35.c5+ Kxc5 36.Nc4 Kd5 37.Nxa5 Nc5 38.Rd2+ Rd4 39.Nc4 0-1

[Event "8th Asia-ch"]
[Site "Subic Bay Free Port PHI"]
[Date "2010.04.29"]
[Round "9"]
[White "Bitoon, Richard"]
[Black "Al-Huwar, Jasem"]
[Result "1/2-1/2"]
[WhiteElo "2476"]
[BlackElo "2308"]
[EventDate "2010.04.21"]
[PlyCount "49"]

1.e4 e6 2.d4 d5 3.e5 c5 4.c3 Nc6 5.Nf3 Bd7 6.a3 Nge7 7.Bd3 cxd4 8.cxd4 Qb6
9.Bc2 Nf5 10.Bxf5 exf5 11.Nc3 Be6 12.O-O Be7 13.b4 O-O 14.Na4 Qb5 15.Nc5 
a5 16.a4 Qxb4 17.Ba3 Qb6 18.Nxe6 fxe6 19.Bxe7 Nxe7 20.Rb1 Qc7 21.Qb3 Rfb8 
22.Rfc1 Qd7 23.Rf1 Qc7 24.Rfc1 Qd7 25.Rf1 1/2-1/2

[Event "8th Asia-ch"]
[Site "Subic Bay Free Port PHI"]
[Date "2010.04.29"]
[Round "9"]
[White "Duong The Anh"]
[Black "Yee Soon Wei"]
[Result "1-0"]
[WhiteElo "2425"]
[BlackElo "2209"]
[EventDate "2010.04.21"]
[PlyCount "79"]

1.b3 d5 2.Bb2 Nf6 3.e3 Bf5 4.f4 e6 5.Be2 Bd6 6.Nf3 O-O 7.O-O c6 8.Ne5 Nfd7
9.Kh1 f6 10.Nf3 e5 11.Nh4 Be6 12.f5 Bf7 13.d3 a5 14.a3 Na6 15.Nd2 Nac5 16.
Bh5 Qe8 17.Bxf7+ Qxf7 18.Qg4 Rfe8 19.e4 b5 20.Rf3 Nf8 21.Re1 a4 22.b4 Ncd7
23.Rg3 Nb6 24.Bc1 Rac8 25.Nf1 c5 26.Bh6 Re7 27.Bxg7 Qxg7 28.Qe2 cxb4 29.
Rxg7+ Rxg7 30.axb4 Rgc7 31.Ng3 a3 32.Nh5 Bxb4 33.Qg4+ Kh8 34.Rf1 a2 35.
Ng6+ Nxg6 36.fxg6 Bf8 37.gxh7 Rxh7 38.Nxf6 Bg7 39.Nxh7 Kxh7 40.Qh3+ 1-0

[Event "8th Asia-ch"]
[Site "Subic Bay Free Port PHI"]
[Date "2010.04.29"]
[Round "9"]
[White "Senador, Emmanuel"]
[Black "Mariano, Nelson"]
[Result "0-1"]
[WhiteElo "2401"]
[BlackElo "2118"]
[EventDate "2010.04.21"]
[PlyCount "84"]

1.b3 e6 2.Bb2 b6 3.e4 Bb7 4.d3 Nf6 5.Nf3 d6 6.g3 Nbd7 7.Bg2 g6 8.O-O Bg7 
9.Nfd2 O-O 10.Nc3 h5 11.d4 Ba6 12.Re1 Ng4 13.Nf3 c5 14.dxc5 dxc5 15.h3 
Nge5 16.Nd2 Qc7 17.f4 Nc6 18.e5 Rad8 19.Nce4 Nd4 20.Nf3 Ne2+ 21.Rxe2 Nxe5 
22.Qc1 Bxe2 23.fxe5 Rd1+ 24.Qxd1 Bxd1 25.Rxd1 Rd8 26.Rf1 c4 27.b4 Bh6 28.
Bc3 Qc6 29.Nfg5 Qa4 30.Nxf7 Be3+ 31.Kh2 Rf8 32.Re1 Rxf7 33.Rxe3 Qxc2 34.
Nf6+ Kg7 35.h4 Rf8 36.g4 hxg4 37.Kg3 Qc1 38.Nxg4 Rd8 39.Be4 Rd1 40.Kh2 Rf1
41.Kg3 Rg1+ 42.Bg2 Qf1 0-1

[Event "8th Asia-ch"]
[Site "Subic Bay Free Port PHI"]
[Date "2010.04.29"]
[Round "9"]
[White "Ginting, Nasib"]
[Black "Macala, Allan"]
[Result "1-0"]
[WhiteElo "2397"]
[BlackElo "2283"]
[EventDate "2010.04.21"]
[PlyCount "39"]

1.d4 Nf6 2.c4 c6 3.Nf3 d5 4.Qc2 g6 5.Bf4 Nh5 6.Be5 f6 7.Bxb8 Rxb8 8.cxd5 
Qxd5 9.Nc3 Qa5 10.e3 Ng7 11.Bc4 Be6 12.Bxe6 Nxe6 13.O-O Bg7 14.Rfd1 Nc7 
15.Na4 Na6 16.a3 O-O 17.b4 Qd8 18.d5 e6 19.Qb3 Nc7 20.h3 1-0

[Event "8th Asia-ch"]
[Site "Subic Bay Free Port PHI"]
[Date "2010.04.29"]
[Round "9"]
[White "Florendo, Paulo James"]
[Black "Chan Wei Xuan, Timothy"]
[Result "0-1"]
[WhiteElo "2262"]
[BlackElo "2341"]
[EventDate "2010.04.21"]
[PlyCount "108"]

1.c4 e6 2.Nf3 Nf6 3.g3 a6 4.Bg2 b5 5.b3 c5 6.O-O Bb7 7.Bb2 Be7 8.Na3 b4 9.
Nc2 d6 10.d3 O-O 11.e4 Nfd7 12.Qe2 Nc6 13.Rad1 Qa5 14.Ra1 Rfe8 15.h4 Qb6 
16.h5 h6 17.Nd2 Bf6 18.Bxf6 Nxf6 19.f4 Nd7 20.g4 Qd8 21.Nf3 Nf6 22.Nh2 Nh7
23.Qf2 e5 24.fxe5 Nxe5 25.Rad1 Ng5 26.Rfe1 a5 27.d4 cxd4 28.Nxd4 Ra6 29.
Nf5 Qc7 30.Kh1 Re6 31.Qd4 Qc5 32.Re2 Kh7 33.Red2 Qc7 34.Re2 Rf6 35.Qe3 Qc8
36.Red2 Qc7 37.Re2 Bc8 38.Qg3 a4 39.Nf1 axb3 40.axb3 Nc6 41.N1e3 Qa7 42.
Kh2 Re6 43.Nd5 Ra2 44.Rxa2 Qxa2 45.Nxd6 Rxd6 46.Qxd6 Ne5 47.Ne7 Qf2 48.Kh1
Ngf3 49.Bxf3 Qxf3+ 50.Kg1 Qxg4+ 51.Kf2 Qf3+ 52.Kg1 Qe3+ 53.Kh2 Qe2+ 54.Kg1
Bh3 0-1

[Event "8th Asia-ch"]
[Site "Subic Bay Free Port PHI"]
[Date "2010.04.29"]
[Round "9"]
[White "Olay, Edgar Reggie"]
[Black "Wohl, Aleksandar"]
[Result "1-0"]
[WhiteElo "2304"]
[BlackElo "2441"]
[EventDate "2010.04.21"]
[PlyCount "81"]

1.d4 e6 2.c4 b6 3.Nc3 Bb4 4.e3 Bb7 5.Nf3 f5 6.Bd3 Nf6 7.O-O Bxc3 8.bxc3 
O-O 9.a4 d6 10.Nd2 Qe8 11.f3 Nbd7 12.a5 Qh5 13.Qc2 Qg5 14.Nb3 c5 15.d5 
exd5 16.Bxf5 dxc4 17.Be6+ Kh8 18.Bxc4 Qh4 19.Be2 Ne5 20.c4 d5 21.cxd5 Nxd5
22.e4 Nf4 23.Bb2 Rae8 24.Bb5 Re6 25.axb6 axb6 26.Ra7 Nxf3+ 27.gxf3 Rg6+ 
28.Kh1 Nh5 29.Be5 Qg5 30.Rxb7 Qxe5 31.Qf2 Nf4 32.Nc1 Rg2 33.Qh4 Rd2 34.Re7
Qd6 35.Rd7 Qxd7 36.Bxd7 Rxd7 37.Qg4 Rd6 38.e5 Rg6 39.Qd7 h6 40.Nd3 Ne6 41.
Rg1 1-0

[Event "8th Asia-ch"]
[Site "Subic Bay Free Port PHI"]
[Date "2010.04.29"]
[Round "9"]
[White "Galvan, Jesus"]
[Black "Datu, Alcon John"]
[Result "0-1"]
[WhiteElo "2230"]
[BlackElo "2220"]
[EventDate "2010.04.21"]
[PlyCount "111"]

1.d4 Nf6 2.c4 e6 3.Nc3 d5 4.Nf3 Nbd7 5.Bf4 c6 6.e3 Nh5 7.Bg5 Be7 8.Bxe7 
Qxe7 9.Be2 Nhf6 10.Rc1 O-O 11.O-O dxc4 12.Bxc4 e5 13.d5 Nb6 14.d6 Qe8 15.
Be2 Bg4 16.b4 Rd8 17.b5 Bxf3 18.gxf3 Qe6 19.Qb3 Rxd6 20.Qa3 Nc8 21.bxc6 
Rxc6 22.Rfd1 a6 23.Bf1 Nb6 24.Rb1 Rfc8 25.Qa5 h6 26.e4 Rxc3 27.Rxb6 R8c6 
28.Rxb7 Rxf3 29.Bg2 Rfc3 30.Qd8+ Kh7 31.Re7 Qxa2 32.Rxe5 Rc1 33.Rf5 Qe2 
34.Bf3 Rxd1+ 35.Qxd1 Qxd1+ 36.Bxd1 Rc1 37.e5 Rxd1+ 38.Kg2 Kg6 39.Rf3 Nd7 
40.Ra3 Nc5 41.Rg3+ Kh7 42.Rf3 Kg8 43.Ra3 g5 44.Ra5 Rd5 45.f4 gxf4 46.Kf3 
Rxe5 47.Ra2 f6 48.Kxf4 Kf7 49.h3 Ke6 50.Ra1 a5 51.Kg4 a4 52.Kf3 Kd5 53.Rg1
Rg5 54.Rd1+ Kc4 55.Rd6 a3 56.Rxf6 0-1

[Event "8th Asia-ch"]
[Site "Subic Bay Free Port PHI"]
[Date "2010.04.29"]
[Round "9"]
[White "De Ramos, Julius"]
[Black "Lu Yijie"]
[Result "1-0"]
[WhiteElo "2314"]
[BlackElo "2349"]
[EventDate "2010.04.21"]
[PlyCount "101"]

1.c4 g6 2.Nc3 Bg7 3.g3 d6 4.Bg2 Nf6 5.Nf3 O-O 6.O-O Nc6 7.Rb1 a5 8.d3 e5 
9.a3 h6 10.b4 axb4 11.axb4 Be6 12.b5 Ne7 13.Qc2 Qd7 14.Rd1 Ne8 15.d4 Bxc4 
16.dxe5 Qc8 17.Na4 Bxe2 18.Qxe2 Rxa4 19.b6 dxe5 20.Qb5 Ra6 21.Qd7 Qxd7 22.
Rxd7 Nc8 23.bxc7 Rd6 24.Rxd6 Nexd6 25.Nd2 e4 26.Nxe4 Re8 27.Nxd6 Re1+ 28.
Bf1 Nxd6 29.Kg2 Bf8 30.Bd3 Re8 31.Be3 Rc8 32.Bb6 Be7 33.Bb5 Nxb5 34.Rxb5 
Bd6 35.Rd5 Bxc7 36.Rc5 Bxb6 37.Rxc8+ Kg7 38.Rb8 g5 39.Rxb7 Bd4 40.Rd7 Be5 
41.Kf3 Kg6 42.Ke4 f6 43.f4 gxf4 44.gxf4 Bc3 45.Rd3 Bb2 46.Rg3+ Kh5 47.Kf5 
Kh4 48.Rg6 h5 49.Rxf6 Bxf6 50.Kxf6 Kh3 51.Kg5 1-0